|
|
|
|
| LEADER |
00000nam a22000007a 4500 |
| 005 |
20210616230950.0 |
| 007 |
cr|||| |||| |
| 008 |
210616s2017 br |||||s|||| 00||0 por d |
| 020 |
|
|
|a 978-85-8310-090-4
|
| 035 |
|
|
|a 33306
|
| 040 |
|
|
|a vLex
|
| 090 |
|
|
|c 11796
|d 11796
|
| 100 |
1 |
|
|a Moreti, Daniel
|
| 245 |
1 |
0 |
|a Regime especial de controle e fiscalizaȯ̂ de tributos e a livre-concorrn̊cia
|h [Recurso electrn̤ico] /
|c Daniel Moreti
|
| 256 |
|
|
|a Servicio en ln̕ea
|
| 260 |
|
|
|a San Pablo:
|b Editora Noeses,
|c 2017
|
| 300 |
|
|
|a 1 recurso electrn̤ico
|
| 500 |
|
|
|a O autor oferece importante contribuiȯ̂ para essa discussô, oferecendo caminho seguro de anl̀ise, que garanta o pleno exercc̕io da competn̊cia tributr̀ia e a proteȯ̂ ̉livre-concorrn̊cia, porm̌, mediante observńcia aos direitos fundamentais dos agentes econm̥icos e respeitando o campo de competn̊cia material e formal em direito tributr̀io e direito econm̥ico. Por fim, o livro esmia︢̇ a jurisprudn̊cia atual, especialmente do Supremo Tribunal Federal, demonstrando preocupaȯ̂ com o posicionamento que tende a ratificar atos da Administraȯ̂ Tributr̀ia, que invadem a competn̊cia dos r̤gôs de defesa da concorrn̊cia, em nt̕ida violaȯ̂ a princp̕ios essenciais do Direito, configurando-se como “sanė̳s polt̕icas”.
|
| 506 |
1 |
|
|a Disponible solo en los productos indicados
|d vLex Global
|d vLex Global (Academic Edition, excluding Law Schools)
|d vLex Global (U.S. Academic Edition, Law Schools)
|d vLex Global (U.S. Academic Edition, excluding Law Schools)
|d vLex Global (Academic Edition, Law Schools)
|
| 650 |
0 |
4 |
|a Derecho Tributario
|z Brasil
|
| 740 |
0 |
|
|a vLex Libros (Servicio en ln̕ea)
|
| 856 |
4 |
0 |
|u https://vlex.com/source/regime-especial-de-controle-e-fiscaliza-o-de-tributos-e-a-livre-concorr-ncia-33306
|z Acceso restringido
|
| 942 |
|
|
|c BOOK
|
| 999 |
0 |
|
|a Tax Law
|